Bringing Civil Servants to Liability for Disciplinary Misconduct

Detalles Bibliográficos
Autor principal: Lutsenko, Olena
Formato: eBook
Lenguaje:inglés
Publicado: Londres: Lambert Academic Publishing, 2019
Materias:
Acceso en línea:Acceso restringido

MARC

LEADER 00000nam a22000007a 4500
005 20190919001457.0
007 cr|||| ||||
008 190919s2019 gb |||||s|||| 00||0 eng d
020 |a 9786200101860 
035 |a 29432 
040 |a vLex 
090 |c 9574  |d 9574 
100 1 |a Lutsenko, Olena 
245 1 0 |a Bringing Civil Servants to Liability for Disciplinary Misconduct  |h [Recurso electrn̤ico] /  |c Olena Lutsenko 
256 |a Servicio en ln̕ea 
260 |a Londres:  |b Lambert Academic Publishing,  |c 2019 
300 |a 1 recurso electrn̤ico 
500 |a A discipline of public servants within an organization requires four characteristics: a number of disciplinary offences, proportionate punishments clearly linked to the disciplinary offences, oversight and appeals from disciplinary decisions, and independence from politicians. This paper examines public sector legislation in Ukraine, Poland, the Czech Republic, Bulgaria, the Hellenic Republic, the Republic of Lithuania to show the peculiarities of legal regulation of each of these criteria. We argue – a claim that creation of arbitrary powers to punish or dismiss staff is unjust if the legislation does not fully inform staff of what a breach of discipline constitutes, if it does not guarantee proportionate punishments to offences, and/or allow the disciplinary process to be used as a tool to coerce staff to perform in a politicized or otherwise unethical manner. In the article all four criteria are disclosed by comparative analysis with certain EU members (Poland, Bulgaria, Czech Republic, the Hellenic Republic, the Republic of Lithuania). 
506 1 |a Disponible solo en los productos indicados  |d vLex Global  |d vLex Global (Academic Edition, excluding Law Schools)  |d vLex Global (U.S. Academic Edition, Law Schools)  |d vLex Global (U.S. Academic Edition, excluding Law Schools)  |d vLex Global (Academic Edition, Law Schools) 
650 0 4 |a Derecho Laboral y Seguridad Social  |z Reino Unido 
740 0 |a vLex Libros (Servicio en ln̕ea) 
856 4 0 |u http://vlex.com/source/29432  |z Acceso restringido 
942 |c BOOK 
999 0 |a Labor law and social security